00433nam a2200181Ia 4500003000500000008004100005020001500046040001900061082000700080100002300087100001900110245003500129250000700164260004700171300001300218365000800231546001200239STCL221019s9999 xx 000 0 und d a8170421462 aSTCLcSTCLbEN 222 aDaftary, Shirish N aPadubidri, V G 0aShaw's textbook of gynaecology a12 bB.I. Churchil LivingstoneaNew Delhic2002 av, 407 p b310 aEnglish